LEADER 01373nam 2200253la 450 001 9910481420603321 005 20230503095027.0 035 $a(UK-CbPIL)2090353984 035 $a(CKB)5500000000096436 035 $a(EXLCZ)995500000000096436 100 $a20230503d1539 uy | 101 0 $aita 135 $aurcn||||a|bb| 200 10$aVersi e prose di monsignor Bernardino Baldi da Vrbino abbate di Guastalla. De i versi. La nautica, L'egloghe miste, I sonetti romani, Le rime, varie, La fauola di Leandro di Museo. Delle prose. Vn dialogo della dignita?, L'arciero ouero della felicita? del principe dialogo, La descrittione del palazzo d'Vrbino. Cento apologi 210 $aVenice $c[s.n.]$d1539 215 $aOnline resource ([12], 9-118, [4], 119-614, [2] p., 4º) 300 $aReproduction of original in Biblioteca Nazionale Centrale di Firenze. 700 $aBaldi$b Bernardino$f1553-1617.$029421 801 0$bUk-CbPIL 801 1$bUk-CbPIL 906 $aBOOK 912 $a9910481420603321 996 $aVersi e prose di monsignor Bernardino Baldi da Vrbino abbate di Guastalla. De i versi. La nautica, L'egloghe miste, I sonetti romani, Le rime, varie, La fauola di Leandro di Museo. Delle prose. Vn dialogo della dignità, L'arciero ouero della felicità del principe dialogo, La descrittione del palazzo d'Vrbino. Cento apologi$91479964 997 $aUNINA